La representation du monde chez l'enfant
Αποθηκεύτηκε σε:
| Κύριος συγγραφέας: | |
|---|---|
| Μορφή: | Βιβλίο |
| Γλώσσα: | French |
| Δημοσίευση: |
Paris :
PUF,
1947.
|
| Σειρά: | Bibliotheque de philosophie contemporaine
|
| Θέματα: | |
| Ετικέτες: |
Προσθήκη ετικέτας
Δεν υπάρχουν, Καταχωρήστε ετικέτα πρώτοι!
|
MARC
| LEADER | 00000cam a2200000 i 4500 | ||
|---|---|---|---|
| 001 | 1/70502 | ||
| 008 | 970721s1947 fr | ||| |||| ||fre|| | ||
| 020 | |a 213043813X | ||
| 035 | |a 1993 |b 1 |c Χατζηνικήτα |l 10030667 | ||
| 040 | |a GR-MyUa |b gre |e AACR2 | ||
| 041 | 0 | |a fre | |
| 082 | 7 | |a 155.413 |2 (22) | |
| 100 | 1 | |a Piaget, Jean, |d 1896-1980. | |
| 245 | 1 | 3 | |a La representation du monde chez l'enfant / |c Jean Piaget. |
| 260 | |a Paris : |b PUF, |c 1947. | ||
| 300 | |a 335 σ. ; |c 22 εκ. | ||
| 490 | 1 | |a (Bibliotheque de philosophie contemporaine) | |
| 650 | 0 | |a Child psychology. | |
| 650 | 0 | |a Imagery (Psychology) in children |x Congresses. | |
| 650 | 0 | |a Drawing ability in children |x Congresses. | |
| 650 | 0 | |a Earth in art |x Congresses. | |
| 650 | 0 | |a Psychology. | |
| 767 | 0 | 8 | |i Μεταφρασμένο ως: |t The child's conception of the world / |
| 830 | 0 | |a Bibliotheque de philosophie contemporaine | |
| 852 | |a INST |b RHODES |e 19970721 |h 155.413 PIA |p 005400009396 |q 005400009396 |t BK |y 0 | ||